02034cam a2200373 a 4500001000800000005001700008008004100025010001700066020001500083035003400098035002900132040003000161041001100191042001400202043001200216050002400228245041200252246021300664246006300877260004000940300002100980500002301001650006201024650006801086651002901154710006201183710004501245906004501290942001201335999001301347952010001360952010001460952010001560213041620200421093820.0970303s1996 ie f000 0 eng d a 97121719  a0707637023 a(Uk)0707637023z(Uk)d11801149 a(CStRLIN)UKBPGB9710259-B aUk/DB/U-1cUk/DB/U-1dDLC0 aengiri alccopycat ae-ie---00aNA109.I74bA34 199600aAg neartú chosaint don oidhreacht ailtireachta :btuarascáil ón meitheal oibre idir-rannach atá curtha faoi bhráid an Aire Ealaíon, Cultúir agus Gaeltachta agus an Aire Comhshaoil = A report submitted to the Minister for Arts, Culture, and the Gaeltacht and the Minister for the Environment by the inter-departmental working group on strengthening the protection of the architectural heritage.30aReport submitted to the Minister for Arts, Culture, and the Gaeltacht and the Minister for the Environment by the inter-departmental working group on strengthening the protection of the architectural heritage30aStrengthening the protection of the architectural heritage aDublin :bStationery Office,c1996. a144 p. ;c30 cm. aEnglish and Irish. 0aArchitecturexConservation and restorationzIreland.9268 0aHistoric buildingsxConservation and restorationzIreland.9269 0aGaeltacht (Ireland)92702 aIreland.bDept. of Arts, Culture, and the Gaeltacht.92712 aIreland.bDept. of the Environment.9272 a7bcbcccopycatd3encipf19gy-gencatlg 2ddccBK c153d153 001040708REFaFPLbFPLcGENd2014-09-04p39999000006452r2014-09-04 00:00:00w2014-09-04yBK 001040708REFaMPLbMPLcGENd2014-09-04p39999000006476r2014-09-04 00:00:00w2014-09-04yBK 001040708REFaMPLbMPLcGENd2014-09-04p39999000006490r2014-09-04 00:00:00w2014-09-04yBK